Statistics for Daily Country Riddle #101

Click here to take the quiz!

General Stats

  • This quiz has been taken 72 times
  • The average score is 17 of 23

Answer Stats

TypeAnswer% Correct
Found LetterN
100%
Found LetterS
100%
Found LetterA
94%
Found LetterT
94%
Found LetterH
92%
Found LetterE
87%
Found LetterL
87%
Correctly Placed LetterH
83%
Found LetterN
83%
Correctly Placed LetterN
75%
Found LetterD
73%
Found LetterR
73%
Correctly Placed LetterA
58%
Correctly Placed LetterD
58%
Correctly Placed LetterE
58%
Correctly Placed LetterE
58%
Found LetterE
58%
Correctly Placed LetterL
58%
Correctly Placed LetterN
58%
Mystery CountryNetherlands
58%
Correctly Placed LetterR
58%
Correctly Placed LetterS
58%
Correctly Placed LetterT
58%

Score Distribution

Percentile by Number Answered

Percent of People with Each Score

Your Score History

You have not taken this quiz